000 00325nam a2200133 i 4500
001 bg
100 1 _aJASTRZĘBSKI, Ludwik
245 0 _aPrawo ochrony środowiska w Polsce /
_cLudwik Jastrzębski.
260 _aWarszawa,
_c1990.
040 _cBPK
041 _apol
942 _cKS
008 s pl f |000 0 pol
999 _c4297
_d4297
856 _uhttp://koha.tu.koszalin.pl/cgi-bin/koha/opac-detail.pl?biblionumber=4297
_yKatalog online BPK